| 000 | 00661nam a2200205 a 4500 | ||
|---|---|---|---|
| 005 | 20240924070721.0 | ||
| 008 | 030929s2002 mx r 000 0 spa d | ||
| 020 | _a9589592589 | ||
| 035 | _aUPN01000141016 | ||
| 049 | _aCG | ||
| 050 | 4 |
_aB821 _bF6.7 |
|
| 245 | 0 | 0 |
_aFormación humana en la universidad : _bla experiencia de la Universidad de San Buenaventura Cali / _cManuel Ramiro Muñoz ... [et al.]. |
| 260 |
_aCali, Col. : _bUniversidad de San Buenaventura Cali : _bUNESCO, _c2002. |
||
| 300 | _a152 p. | ||
| 440 | 0 |
_aSapientia ; _v6 |
|
| 650 | 4 |
_aHumanismo _914067 |
|
| 700 | 1 |
_aMuñoz, Manuel Ramiro, _ecoaut. |
|
| 905 | _aLibro | ||
| 999 |
_c113164 _d113164 |
||